Car Model Quiz - Statistics

General Stats
  • This quiz has been taken 115 times
  • The average score is 11 of 16
Answer Stats
Hint Answer % Correct
Honda C___c civic
98%
Porsche 9_1 911
91%
Ford M_____g mustang
89%
Ford F___s focus
88%
Volkswagen B____e beetle
87%
Jeep W______r wrangler
80%
Porsche C_____e cayenne
72%
Lamborghini H_____n huracan
72%
Kia S__l soul
68%
McLaren S___a senna
64%
Land Rover D______r defender
62%
Suzuki S___t swift
59%
Chevy C______e corvette
58%
Toyota T____a tacoma
53%
Skoda R___d rapid
31%
Acura I_____a integra
28%
No matching quizzes found
Score Distribution
Percent of People with Each Score
Percentile by Number Answered
Your Score History
You have not taken this quiz